00948cam a22002774a 45000010009000000050017000090080041000260100017000670200038000840200035001220200037001570200035001940400018002290410008002470420008002550800022002630820026002851000007003111010008003182450085003265040064004119060045004759420012005209990017005329520121005491393816220180227065926.0050421s2005 nyu b 001 0 eng  a 2005011596 a9780195181524 (hbk. : alk. paper) a0195181522 (hbk. : alk. paper) a9780195181531 (pbk : alk. paper) a0195181530 (pbk. : alk. paper) aDLCcDLCdDLC aeng apcc a616.852600835 WAL00a616.852600835 WAL2221 a48 aPSI10aIf your adolescent has an eating disorder :cB. Timothy Walsh and V. L. Cameron. aIncludes bibliographical references (p. 175-176) and index. a7bcbccorignewd1eecipf20gy-gencatlg 2ddccBK c43592d43592 00102udc40708PËKGa002b002cPËKGd2018-02-27l0o616.852600835 WALp002-3000260r2018-02-27w2018-02-27yBK